000 00642cam a22002297a 4500
999 _c2994
_d2994
001 3637836
003 GBCCL
005 20241126110444.0
008 940328s1993||||ii |||||||||||||||||eng|d
020 _a8172141467
035 _a(OCoLC)ocn685604689
035 _a3637836
040 _aCtY-D
_cCtY-D
082 _a253
_bGRO
100 1 _aGrose, G. H.
_96234
245 1 0 _aCalled to serve :
_ba practical handbook for pastors /
_cG.H. Grose, E.F. Grose.
260 _aDelhi :
_bISPCK,
_cc1993.
300 _av, 100 p. ;
_c22 cm.
650 0 _aChurch work
_xHandbooks, manuals, etc.
_96235
700 1 _aGrose, E. F.
_96236
942 _2ddc
_cBK
_07